| 000 | 00884cab a2200229 4500 | ||
|---|---|---|---|
| 001 | ABS45842 | ||
| 008 | 090401t1992 xxu||||| |||| 00| 0 eng d | ||
| 035 | _a(Sirsi) u55385 | ||
| 041 | _aeng | ||
| 100 | _aBrown, A. | ||
| 245 | _aLegionnaires` disease: the new rules | ||
| 260 | _c1992 | ||
| 350 | _a0 | ||
| 490 |
_aFacilities _v10(1) January 1992, 20-22(3) |
||
| 520 | _aReviews the Health and Safety Executive Approved Code of Practice (ACOPP), "The prevention or control of Legionellosis (including Legionnaires` Disease)" and the updated Guidance Note HS (G) 70 detailing measures to be taken to eliminate or minimize the risk of legionellosis. The new rules came into effect on 15 January 1992. | ||
| 650 | _aHEALTH | ||
| 650 | _aLEGIONNAIRES' DISEASE | ||
| 690 | _aBUILT ENVIRONMENT-BUILDING STANDARDS | ||
| 700 | _aLogan, A. | ||
| 942 | _n0 | ||
| 948 | _c04/03/1997 | ||
| 999 |
_c33830 _d33830 |
||